<?xml version="1.0" encoding="UTF-8"?><?xml-stylesheet type="text/xsl" href="static/style.xsl"?><OAI-PMH xmlns="http://www.openarchives.org/OAI/2.0/" xmlns:xsi="http://www.w3.org/2001/XMLSchema-instance" xsi:schemaLocation="http://www.openarchives.org/OAI/2.0/ http://www.openarchives.org/OAI/2.0/OAI-PMH.xsd"><responseDate>2026-04-17T17:12:45Z</responseDate><request verb="GetRecord" identifier="oai:www.recercat.cat:20.500.12694/7251" metadataPrefix="marc">https://recercat.cat/oai/request</request><GetRecord><record><header><identifier>oai:recercat.cat:20.500.12694/7251</identifier><datestamp>2025-12-18T12:09:34Z</datestamp><setSpec>com_2072_179042</setSpec><setSpec>col_2072_484474</setSpec></header><metadata><record xmlns="http://www.loc.gov/MARC21/slim" xmlns:dcterms="http://purl.org/dc/terms/" xmlns:xsi="http://www.w3.org/2001/XMLSchema-instance" xmlns:doc="http://www.lyncode.com/xoai" xsi:schemaLocation="http://www.loc.gov/MARC21/slim http://www.loc.gov/standards/marcxml/schema/MARC21slim.xsd">
   <leader>00925njm 22002777a 4500</leader>
   <datafield ind2=" " ind1=" " tag="042">
      <subfield code="a">dc</subfield>
   </datafield>
   <datafield ind2=" " ind1=" " tag="720">
      <subfield code="a">Alemany Casanovas, Roc</subfield>
      <subfield code="e">author</subfield>
   </datafield>
   <datafield ind2=" " ind1=" " tag="260">
      <subfield code="c">2022-06</subfield>
   </datafield>
   <datafield ind2=" " ind1=" " tag="520">
      <subfield code="a">Aquest treball té com a objectiu aprofundir en el coneixement organològic i discogràfic sobre el violí baríton dins l’àmbit de la música jazz a través de la investigació documental, de l’estudi d’arxius d’àudio i mitjançant entrevistes a músics i lutiers de renom internacional. Es tracta d’un instrument molt similar al violí convencional, amb antecedents històrics que no gaudeix d’una bona documentació al respecte, un dels motius principals per emprendre aquest treball.</subfield>
   </datafield>
   <datafield ind2=" " ind1=" " tag="520">
      <subfield code="a">Este trabajo tiene como objetivo profundizar en el conocimiento organológico y discográfico sobre el violín barítono en el ámbito de la música jazz a través de la investigación documental, del estudio de archivos de audio y mediante entrevistas a músicos y lutieres de renombre internacional. Se trata de un instrumento muy similar al violín convencional, con antecedentes históricos que no goza de una buena documentación al respecto, uno de los motivos principales para emprender este trabajo.</subfield>
   </datafield>
   <datafield ind2=" " ind1=" " tag="520">
      <subfield code="a">This work aims to deepen the organological and discographic knowledge about the baritone violin in the field of jazz music through documentary research, the study of audio archives, and through interviews with internationally renowned musicians and luthiers. It is an instrument very similar to the conventional violin, with a historical background that is not well documented, one of the main reasons for engaging in this work.</subfield>
   </datafield>
   <datafield ind1="8" ind2=" " tag="024">
      <subfield code="a">http://hdl.handle.net/20.500.12694/7251</subfield>
   </datafield>
   <datafield tag="653" ind2=" " ind1=" ">
      <subfield code="a">TFG Jazz i música moderna</subfield>
   </datafield>
   <datafield tag="653" ind2=" " ind1=" ">
      <subfield code="a">Violí baríton--Acústica</subfield>
   </datafield>
   <datafield tag="653" ind2=" " ind1=" ">
      <subfield code="a">Violí baríton--Fabricació</subfield>
   </datafield>
   <datafield tag="653" ind2=" " ind1=" ">
      <subfield code="a">Violí baríton--Discografia</subfield>
   </datafield>
   <datafield tag="653" ind2=" " ind1=" ">
      <subfield code="a">Violí, Música per a (Jazz)</subfield>
   </datafield>
   <datafield tag="653" ind2=" " ind1=" ">
      <subfield code="a">Instruments de corda fregada</subfield>
   </datafield>
   <datafield tag="653" ind2=" " ind1=" ">
      <subfield code="a">Lutiers</subfield>
   </datafield>
   <datafield ind2="0" ind1="0" tag="245">
      <subfield code="a">El violí baríton: recerca organològica i discogràfica sobre el violí baríton i els seus derivats</subfield>
   </datafield>
</record></metadata></record></GetRecord></OAI-PMH>